1448 1089 1915 1971 1564 1950 1158 1509 1341 1817 1999 1470 1388 1235 1142 1033 1990 1022 1395 1214 1237 1583 1794 1882 1284 1484 1621 1205 1471 1708 1601 1203 1865 1496 1218 1219 1875 1851 1894 1803 1430 1461 1240 1059 1106 1324 1510 1299 1753 1635 1505 1427 1656 1048 1009 1728 1137 1491 1856 1088 1318 1670 1940 1202 1764 1663 1692 1649 1367 1898 1548 1817 1814 1063 1859 1632 1565 1005 1271 1196 1045 1304 1949 1085 1649 1693 1608 1882 1818 1091 1096 1854 1025 1165 1066 1332 1221 1849 1588 BCNSPRNW ULIB Ver.6.0+V

เปลี่ยนเป็นภาษาไทย

Change to English
 แสดงรายละเอียดบรรณานุกรม
  กลับหน้าหลัก

Brief Record : Get Marc (ISO 2709) : E-mail record : QR code < ปิดหน้าต่าง
LEADER : 00000nam 2200000uu 4500
001    13399114576
003     ULIB
008    120418s2542||||th 000 0 tha d
020    ^a9747379899
090    ^aนว.^bว527ห 2542
100 0  ^aพลตรี หลวงวิจิตรวาทการ
245 00 ^aห้วงรัก - เหวลึก เล่ม 2 /^cพลตรี หลวงวิจิตรวาทการ
250    ^aพิมพ์ครั้งที่ 3
260    ^aกรุงเทพฯ :^bสร้างสรรค์บุ๊คส์,^c2542
300    ^a764 หน้า
710 1  ^aสร้างสรรค์บุ๊คส์
945    ^p780^l0^i16538
995    ^aกัณชพร
999    ^aใช้งานได้ทุกระบบ
รายการนี้ยังไม่มีแท็ก
คุณยังไม่ได้ล็อกอิน คุณสามารถมีกิจกรรมร่วมกับเว็บไซต์ได้ แต่ต้องล็อกอินก่อน ::
  ล็อกอิน

รายการสื่อสารสนเทศ

ลำดับที่ ประเภท เลขเรียก/บาร์โค้ด สถานที่ สถานะ
1. วิทยาศาสตร์การแพทย์ และสุขภาพ
วิทยาศาสตร์การแพทย์ และสุขภาพ
นว. ว527ห 2542  
  Barcode: 16538
ห้องสมุดวิทยาเขตสวรรค์ประชารักษ์
►นวนิยาย
บนชั้น
  ขอยืม

รายการใกล้เคียง
    ผู้แต่ง [พลตรี หลวงวิจิตรวาทการ]

BibComment


ยังไม่เคยถูกคอมเมนท์

คอมเมนท์ทรัพยากรรายการนี้
  คอมเมนท์: ห้วงรัก เหวลึก ..


 Copyright 2026. Bcnsprnw @Library